| 000 | 00568nam a2200229Ia 4500 | ||
|---|---|---|---|
| 003 | OSt | ||
| 005 | 20221007111710.0 | ||
| 006 | a|||||r|||| 00| 0 | ||
| 007 | ta | ||
| 008 | 221006b |||||||| |||| 00| 0 eng d | ||
| 024 | _a24,131 | ||
| 037 | _cTextual | ||
| 040 |
_aLCO _cLCO _beng |
||
| 041 |
_2eng _aeng |
||
| 100 |
_aChakarverti S. _9708455 |
||
| 245 | 0 | _aLaw of Railway Servants | |
| 260 |
_aAllahabad _bLaw Book House India _c1969 |
||
| 300 | _a242 | ||
| 650 |
_aRAILWAY _9264351 |
||
| 942 | _cTEXL | ||
| 999 |
_c1193694 _d1193694 |
||